[Event "FIDE Online-ch U18 Girls 2020"]
[Site "Online"]
[Date "2020.12.19"]
[Round "4.3"]
[White "Solozhenkina, Elizaveta"]
[Black "Wang, Annie"]
[Result "1-0"]
[WhiteElo "2271"]
[BlackElo "2384"]
[Annotator "TA"]
[PlyCount "139"]
[EventDate "2020.12.18"]
[EventType "k.o."]
[EventCountry "NET"]
[SourceTitle "playchess.com"]
[Source "ChessBase"]
[SourceQuality "1"]

{[%evp 20,139,60,53,50,47,60,56,66,52,85,57,61,47,72,67,73,61,84,52,68,56,61,54,72,57,88,53,97,53,60,24,27,32,25,-54,0,-5,0,-4,-3,-39,-5,-39,-6,-22,0,-549,-18,-34,-17,-52,0,-16,8,-45,-37,-75,-10,-57,-54,-52,-10,-52,-10,-25,0,0,0,0,403,439,462,435,423,443,496,470,482,424,431,413,556,364,383,312,605,368,328,441,349,62,70,0,0,-83,-85,-352,-267,-224,-227,-1164,-1196,-1295,-1296,-1279,-1254,-1104,-980,-1245,-1210,-1925,-1637,-5493,-6195,-29988,-5884,-29980,-29981,-29984,-29985,-29988]} 1. e4 c5 2. Nf3 d6 3. d4 cxd4 4. Nxd4 Nf6 5. f3 Nc6 6. c4 g6 7. Nc3 Bg7 8. Be3 O-O 9. Be2 Bd7 10. O-O Rc8 11. Qd2 Nxd4 {B38: Sicilian: Maroczy Bind with 5...Bg7 and 7...0-0.} 12. Bxd4 Be6 13. b3 a6 {White is slightly better.} 14. Rac1 Nd7 15. Bxg7 Kxg7 16. Kh1 Qb6 17. f4 {[#]} f6 $146 ({Predecessor:} 17... Nf6 18. Nd5 Bxd5 19. exd5 Qa7 20. Rce1 Rc7 21. Bd3 Qd4 22. f5 Qc5 {½-½ (22) Dvoretska,O (2122)-Dornbusch,T (2269) Kharkov 2005}) 18. Nd5 {[%cal Bc3d5,Bd5e3,Be3g4][%mdl 32]} Qd8 19. Bd3 Nc5 20. Bb1 Bf7 21. Rfe1 e6 22. Ne3 Qc7 23. f5 e5 24. Ng4 g5 25. Rcd1 Rfd8 26. Ne3 b5 27. Rc1 (27. h4 $11) 27... Qb7 28. Nd5 Bxd5 29. cxd5 b4 30. h4 h6 31. Re3 Rh8 ({Reject} 31... gxh4 32. Rc4 $14) 32. Rg3 Kf7 33. Qe2 $2 {[%mdl 8192] [#]} (33. Rc4 $11) 33... Rcg8 $2 (33... Nxe4 $1 $19 {[%mdl 512]} 34. Bxe4 Rxc1+ 35. Kh2 Qb6) 34. Kg1 Qa7 35. Qf2 Ra8 (35... gxh4 $15 36. Rh3 Rg4) 36. Qe3 Rhc8 37. Re1 (37. Rc4 $11) 37... Nd7 $15 38. hxg5 hxg5 (38... fxg5 $17 39. Qxa7 Rxa7) 39. Rf3 Qxe3+ 40. Rfxe3 Rc5 41. Kf2 Rac8 42. Rh1 Ke7 43. Rh7+ Kd8 44. Bd3 a5 $2 {[%mdl 8192]} (44... Ra5 $11 {and Black stays safe.}) 45. Reh3 $18 Kc7 46. Rf7 Rd8 47. Rhh7 Kc8 48. Ba6+ Kc7 49. Bc4 Kc8 50. Kg3 a4 51. Kg4 axb3 52. axb3 Kc7 $2 (52... Ra5 53. Rhg7 Ra3) 53. Kh5 Rxc4 54. bxc4 {[%mdl 4096] Endgame KRR-KRN} b3 {[#] And now ...b2 would win.} 55. Kg4 $2 ({White has to play} 55. Kg6 $1 $18) 55... Kb6 $1 $14 56. Rh1 (56. Kf3 $1 $14) 56... Kc5 $11 57. Rfh7 (57. Rb1 $11 {keeps the balance.} Kxc4 58. Kh5) 57... Kxc4 $17 {aiming for ...b2.} 58. R7h3 $2 {[%mdl 8192]} (58. Rc1+ $17 Kb4 59. Rb1) 58... Nc5 59. Rc1+ Kd4 60. Kh5 $2 (60. Rd1+ Kxe4 61. Kh5) 60... Rh8+ $19 61. Kg6 {Cut Off at move 61} Rxh3 62. gxh3 Nxe4 {KR-KN} 63. Kf7 Kxd5 64. Rd1+ Kc4 65. Kg6 d5 66. Kh5 d4 67. Kg4 Kc3 (67... Nf2+ $142 68. Kf3 Nxd1 69. Kg4 Ne3+ 70. Kh5 Nxf5 71. h4 gxh4 72. Kg6 b2 73. Kxf5 b1=Q+ 74. Ke6 h3 75. Kd6 h2 76. Ke6 h1=Q 77. Kxf6 Qh6+ 78. Ke7 Qb7+ 79. Ke8 Qh8#) 68. Kf3 b2 69. Rh1 Nd2+ 70. Ke2 {[%mdl 32768] Never resign too early!  Weighted Error Value: White=0.69/Black=0.50. Sensor Board Error (Ke4/e5)?} 1-0